Länder, die El Salvador am Nächsten Liegen - Sudden Death - Statistiken

Allgemein
  • Dieses Quiz wurde 36 mal gespielt
  • Das Durchschnittsergebnis liegt bei 5 aus 15
Answers on the Grid
Answers color-coded by a green-red scale on the quiz's grid according to % correct below.
Guatemala
Honduras
Nicaragua
Belize
Messico
Costa Rica
Kolumbien
Panama
Kuba
Giamaica
Stati Uniti
Ecuador
Bahamas
Haiti
Venezuela
Dominikanische Republik
Peru
Bolivien
Argentinien
Chile
Paraguay
Surinam
Guyana
Kanada
St. Lucia
Palau
Antigua und Barbuda
Marokko
Südafrika
Neuseeland
 
Antwortstatistiken
Antwort % Korrekt
Costa Rica
71%
Guatemala
57%
Nicaragua
57%
Panama
57%
Haiti
43%
Honduras
43%
Kuba
43%
Bahamas
29%
Belize
29%
Ecuador
29%
Kolumbien
29%
Venezuela
29%
Messico
14%
Stati Uniti
14%
Giamaica
0%
Keine übereinstimmenden Quizze gefunden
Verteilung der Resultate
Anzahl Personen mit jedem Resultat
Perzentil nach korrekt beantworteten Fragen
Ihre Resultats-Entwicklung
Sie haben dieses Quiz noch nicht gespielt